Modern Construction and Ground Engineering Equipment and Methods / (Record no. 3960)

MARC details
000 -LEADER
fixed length control field 00926nac a22002171u 4500
008 - FIXED-LENGTH DATA ELEMENTS--GENERAL INFORMATION
fixed length control field 100905t xxu||||| |||| 00| 0 eng d
010 ## - LIBRARY OF CONGRESS CONTROL NUMBER
LC control number 94009606
020 ## - INTERNATIONAL STANDARD BOOK NUMBER
International Standard Book Number 0470234083
082 00 - DEWEY DECIMAL CLASSIFICATION NUMBER
Classification number 624
Item number HAR
100 ## - MAIN ENTRY--PERSONAL NAME
Personal name Harris, Frank,
9 (RLIN) 18005
245 10 - TITLE STATEMENT
Title Modern Construction and Ground Engineering Equipment and Methods /
Statement of responsibility, etc Frank Harris.
250 ## - EDITION STATEMENT
Edition statement 2nd ed.
260 ## - PUBLICATION, DISTRIBUTION, ETC. (IMPRINT)
Place of publication, distribution, etc Essex, England;
-- New York :
Name of publisher, distributor, etc Longman Scientific & Technical ;
-- Wiley,
Date of publication, distribution, etc 1994.
300 ## - PHYSICAL DESCRIPTION
Extent xiii, 618 p. :
Other physical details ill. ;
Dimensions 25 cm.
504 ## - BIBLIOGRAPHY, ETC. NOTE
Bibliography, etc Includes bibliographical references (p. [614]-615) and index.
650 #0 - SUBJECT ADDED ENTRY--TOPICAL TERM
Topical term or geographic name as entry element Earthmoving machinery.
9 (RLIN) 18006
650 #0 - SUBJECT ADDED ENTRY--TOPICAL TERM
Topical term or geographic name as entry element Excavating machinery.
9 (RLIN) 18007
650 #0 - SUBJECT ADDED ENTRY--TOPICAL TERM
Topical term or geographic name as entry element Construction equipment.
9 (RLIN) 18008
942 ## - ADDED ENTRY ELEMENTS (KOHA)
Item type Book - Borrowing
Call number prefix 624HAR
Source of classification or shelving scheme Dewey Decimal Classification
Holdings
Withdrawn status Item status Source of classification or shelving scheme Damaged status Not for loan Vendor Home library Current library Shelving location Date acquired Source of acquisition Total Checkouts Total Renewals Full call number Barcode Date last seen Date last borrowed Koha item type
    Dewey Decimal Classification       Central Library Central Library First floor 06/09/2010   4 2 624 HAR 000005103 15/07/2025 23/10/2013 Book - Borrowing
    Dewey Decimal Classification       Central Library Central Library First floor 05/09/2010   5 3 624 HAR 000005096 15/07/2025 27/10/2013 Book - Borrowing